[Event "Florianopolis op 8th"]
[Site "Florianopolis"]
[Date "2022.01.28"]
[Round "7"]
[White "Paniago, Lucio Erloiny Silva"]
[Black "Fonseca, Rogerio da Silva"]
[Result "0-1"]
[WhiteElo "1508"]
[BlackElo "1201"]
[PlyCount "50"]
[EventDate "2022.01.24"]
[EventType "swiss"]
[EventRounds "10"]
[EventCountry "BRA"]
[SourceTitle "CBM 206 Extra"]
[Source "ChessBase"]
[SourceDate "2022.03.31"]
[SourceVersion "1"]
[SourceVersionDate "2022.03.31"]
[SourceQuality "1"]

1. e4 e6 2. d4 d5 3. e5 c5 4. c3 Nc6 5. Nf3 Qb6 6. Be2 f6 7. 0-0 fxe5 8. dxe5 Bd7 9. Re1 0-0-0 10. Qc2 Be8 11. Bg5 Nge7 12. Nbd2 h6 13. Bxe7 Bxe7 14. Rab1 g5 15. h3 h5 16. g4 hxg4 17. hxg4 Rh6 18. Qc1 Bg6 19. Ra1 Qc7 20. Bb5 Rdh8 21. Ba4 Nxe5 22. Nxe5 Bd6 23. Ndf3 Bxe5 24. Nxe5 Rh1+ 25. Kg2 Be4+ 0-1

[Event "Florianopolis op 7th"]
[Site "Florianopolis"]
[Date "2021.01.23"]
[Round "8"]
[White "Ferreira de Souza, Ricardo"]
[Black "Fonseca, Rogerio da Silva"]
[Result "1-0"]
[WhiteElo "1401"]
[BlackElo "1247"]
[PlyCount "73"]
[EventDate "2021.01.18"]
[EventType "swiss"]
[EventRounds "10"]
[EventCountry "BRA"]
[SourceTitle "CBM 200 Extra"]
[Source "ChessBase"]
[SourceDate "2021.03.31"]
[SourceVersion "1"]
[SourceVersionDate "2021.03.31"]
[SourceQuality "1"]

1. e4 e6 2. d4 d5 3. Nd2 Bb4 4. c3 Be7 5. Qg4 g6 6. e5 Nh6 7. Qf3 0-0 8. Nb3 Nf5 9. Bd3 Ng7 10. h4 h5 11. g4 f6 12. Bxg6 fxe5 13. Qd3 e4 14. Qd2 Bxh4 15. Qh6 Rxf2 16. Qh7+ Kf8 17. Qh8+ Ke7 18. Qxg7+ Kd6 19. Qe5+ Kc6 20. Na5+ Kb5 21. a4+ Kxa5 22. b4+ Kb6 23. a5+ Kb5 24. Kd1 Qf8 25. Bf5 exf5 26. Qxd5+ c5 27. c4+ Kxb4 28. Ba3+ Kc3 29. Rh3+ Rf3 30. Nxf3 fxg4 31. Qxe4 Bf5 32. Rc1+ Kb3 33. Qe3+ Ka4 34. Ra1 Bc2+ 35. Kxc2 Qf5+ 36. Kd2 Be1+ 37. Nxe1 1-0

[Event "Florianopolis op 7th"]
[Site "Florianopolis"]
[Date "2021.01.20"]
[Round "4"]
[White "Fonseca, Rogerio da Silva"]
[Black "Boabaid, Jorge Alberto Duard"]
[Result "0-1"]
[WhiteElo "1247"]
[BlackElo "1727"]
[PlyCount "42"]
[EventDate "2021.01.18"]
[EventType "swiss"]
[EventRounds "10"]
[EventCountry "BRA"]
[SourceTitle "CBM 200 Extra"]
[Source "ChessBase"]
[SourceDate "2021.03.31"]
[SourceVersion "1"]
[SourceVersionDate "2021.03.31"]
[SourceQuality "1"]

1. c4 c5 2. Nc3 Nc6 3. Nf3 Nf6 4. d4 cxd4 5. Nxd4 g6 6. e3 Bg7 7. Be2 0-0 8. 0-0 d6 9. b3 Ne5 10. Bb2 Qa5 11. a3 Bg4 12. b4 Bxe2 13. Qxe2 Qc7 14. Ncb5 Qxc4 15. Qxc4 Nxc4 16. Bc3 a6 17. Nc7 Rac8 18. Nde6 fxe6 19. Bxf6 Rxf6 20. Nxe6 Rxe6 21. Rac1 Bb2 0-1

[Event "Florianopolis op 7th"]
[Site "Florianopolis"]
[Date "2021.01.18"]
[Round "1"]
[White "Dos Anjos, Diovana Ferreira"]
[Black "Fonseca, Rogerio da Silva"]
[Result "1-0"]
[WhiteElo "1705"]
[BlackElo "1247"]
[PlyCount "73"]
[EventDate "2021.01.18"]
[EventType "swiss"]
[EventRounds "10"]
[EventCountry "BRA"]
[SourceTitle "CBM 200 Extra"]
[Source "ChessBase"]
[SourceDate "2021.03.31"]
[SourceVersion "1"]
[SourceVersionDate "2021.03.31"]
[SourceQuality "1"]

1. e4 e6 2. d4 d5 3. Bd3 c5 4. c3 Nc6 5. Ne2 Nf6 6. e5 Nd7 7. Be3 Qb6 8. b3 f6 9. f4 Be7 10. Qc2 f5 11. 0-0 cxd4 12. Nxd4 Bc5 13. Qf2 0-0 14. Nd2 a6 15. N2f3 Nd8 16. b4 Be7 17. Nxf5 Rxf5 18. Bxb6 Rxf4 19. Qe3 Rf8 20. Bd4 Nf7 21. Nd2 Bg5 22. Qh3 g6 23. Nf3 Bh6 24. Qxe6 Nc5 25. Qxd5 Nxd3 26. e6 Nf4 27. exf7+ Rxf7 28. Qd8+ Rf8 29. Qh4 Ne2+ 30. Kh1 Bf4 31. Ng5 h5 32. Rae1 Bg4 33. Rxe2 Bxe2 34. Rxf4 Rxf4 35. Qxf4 Rf8 36. Bf6 Bc4 37. Qxc4+ 1-0

[Event "Florianopolis op 6th"]
[Site "Florianopolis"]
[Date "2020.01.24"]
[Round "7"]
[White "Stroher, Victor Augusto"]
[Black "Fonseca, Rogerio da Silva"]
[Result "1-0"]
[WhiteElo "1529"]
[BlackElo "1260"]
[PlyCount "41"]
[EventDate "2020.01.20"]
[EventType "swiss"]
[EventRounds "10"]
[EventCountry "BRA"]
[SourceTitle "CBM 194 Extra"]
[Source "ChessBase"]
[SourceDate "2020.03.31"]
[SourceVersion "1"]
[SourceVersionDate "2020.03.31"]
[SourceQuality "1"]

1. e4 e6 2. d4 d5 3. exd5 exd5 4. Nf3 c5 5. Bd3 Nc6 6. dxc5 Bxc5 7. 0-0 Qb6 8. Nc3 Nge7 9. Na4 Qa5 10. Nxc5 Qxc5 11. Be3 d4 12. Bxd4 Nxd4 13. Nxd4 0-0 14. Re1 Bd7 15. Nb3 Qg5 16. Bxh7+ Kxh7 17. Qxd7 Nf5 18. Qxb7 Kg6 19. Qe4 Rh8 20. g4 Qd8 21. Qxf5+ 1-0

[Event "Florianopolis op 6th"]
[Site "Florianopolis"]
[Date "2020.01.23"]
[Round "6"]
[White "Fonseca, Rogerio da Silva"]
[Black "Borges, Paulo Felipe Rosa"]
[Result "0-1"]
[WhiteElo "1260"]
[BlackElo "1512"]
[PlyCount "92"]
[EventDate "2020.01.20"]
[EventType "swiss"]
[EventRounds "10"]
[EventCountry "BRA"]
[SourceTitle "CBM 194 Extra"]
[Source "ChessBase"]
[SourceDate "2020.03.31"]
[SourceVersion "1"]
[SourceVersionDate "2020.03.31"]
[SourceQuality "1"]

1. e4 c5 2. c4 Nc6 3. Nf3 d6 4. Be2 g6 5. d4 cxd4 6. Nxd4 Bg7 7. Nxc6 bxc6 8. Nc3 Bb7 9. 0-0 Qc7 10. f4 Nf6 11. Bf3 0-0 12. Qc2 Nd7 13. b3 f5 14. Be3 fxe4 15. Bxe4 d5 16. cxd5 cxd5 17. Nxd5 Qxc2 18. Nxe7+ Kh8 19. Bxc2 Bxa1 20. Rxa1 Rae8 21. Bd4+ Nf6 22. Re1 Kg7 23. g4 Kf7 24. Bc5 Ng8 25. b4 Bd5 26. Re5 Nxe7 27. Ba4 Bxa2 28. Bxe8+ Rxe8 29. Bxa7 Nd5 30. Rxe8 Kxe8 31. b5 Nxf4 32. b6 Bd5 33. Kf2 Kd7 34. Bb8 Ne6 35. Ke3 Kc8 36. Be5 Kb7 37. Bd4 Nxd4 38. Kxd4 Be6 39. g5 Kxb6 40. h4 Kc6 41. Ke5 Bg4 42. Kf6 Bh5 43. Kg7 Kd6 44. Kf6 Kd5 45. Ke7 Ke5 46. Kf7 Kf4 0-1

[Event "Rio Granco ACRE 1st U2000"]
[Site "Rio Granco"]
[Date "2019.07.13"]
[Round "4.5"]
[White "Fonseca, Rogerio da Silva"]
[Black "Felix, Raimundo Nascimento"]
[Result "0-1"]
[WhiteElo "1253"]
[BlackElo "1847"]
[PlyCount "88"]
[EventDate "2019.07.12"]
[EventType "swiss"]
[EventRounds "6"]
[EventCountry "BRA"]
[SourceTitle "EXT 2022"]
[Source "ChessBase"]
[SourceDate "2021.10.06"]
[SourceVersion "1"]
[SourceVersionDate "2021.10.06"]
[SourceQuality "1"]

1. e4 c5 2. Nf3 Nc6 3. Bb5 a6 4. Bxc6 dxc6 5. d4 cxd4 6. Nxd4 e5 7. Nf3 Qxd1+ 8. Kxd1 Bg4 9. c4 Bc5 10. Ke1 f6 11. h3 Be6 12. Nfd2 Nh6 13. Nc3 0-0-0 14. Na4 Bd4 15. c5 Nf7 16. Nf3 Kc7 17. Nxd4 Rxd4 18. b3 Rxe4+ 19. Be3 Rd8 20. Ke2 Rh4 21. g3 Rxh3 22. Rxh3 Bxh3 23. f3 Bf5 24. Rd1 Rxd1 25. Kxd1 Ng5 26. g4 Bd3 27. f4 Nf3 28. g5 e4 29. gxf6 gxf6 30. f5 h5 31. Bf4+ Kd8 32. Nb2 h4 33. Nxd3 exd3 34. a4 h3 35. a5 h2 36. Bxh2 Nxh2 37. Kd2 Nf1+ 38. Kxd3 Ng3 39. Ke3 Nxf5+ 40. Kf4 Ne7 41. Ke4 Kd7 42. Kd4 Ke6 43. Ke4 Nd5 44. Kf3 Ke5 0-1

[Event "Joao Pessoa Fischer Memorial 10th"]
[Site "Joao Pessoa"]
[Date "2019.03.30"]
[Round "4"]
[White "Fonseca, Rogerio da Silva"]
[Black "De Moura Filho, Eny Nobrega"]
[Result "0-1"]
[WhiteElo "1220"]
[BlackElo "1382"]
[PlyCount "52"]
[EventDate "2019.03.29"]
[EventType "swiss"]
[EventRounds "6"]
[EventCountry "BRA"]
[SourceTitle "CBM 190 Extra"]
[Source "ChessBase"]
[SourceDate "2019.07.15"]
[SourceVersion "1"]
[SourceVersionDate "2019.07.15"]
[SourceQuality "1"]

1. e4 e5 2. Nf3 Nc6 3. Bc4 h6 4. 0-0 Nf6 5. Re1 Bc5 6. c3 d6 7. d4 exd4 8. cxd4 Bb4 9. Bd2 0-0 10. d5 Bxd2 11. Nbxd2 Ne7 12. h3 a6 13. Qc2 b5 14. Bb3 a5 15. a4 b4 16. Nc4 Nh5 17. Qd3 Nf4 18. Qd2 Neg6 19. h4 Bg4 20. Nh2 Qxh4 21. g3 Nh3+ 22. Kh1 Qh5 23. Kg2 Rfe8 24. Nxg4 Qxg4 25. Bd1 Nhf4+ 26. Kf1 Qh3+ 0-1

[Event "Florianopolis op 5th"]
[Site "Florianopolis"]
[Date "2019.01.22"]
[Round "3"]
[White "Fonseca, Rogerio da Silva"]
[Black "Melo, Danieli De"]
[Result "0-1"]
[WhiteElo "1241"]
[BlackElo "1638"]
[PlyCount "50"]
[EventDate "2019.01.21"]
[EventType "swiss"]
[EventRounds "10"]
[EventCountry "BRA"]
[SourceTitle "CBM 188 Extra"]
[Source "ChessBase"]
[SourceDate "2019.02.26"]
[SourceVersion "1"]
[SourceVersionDate "2019.02.26"]
[SourceQuality "1"]

1. e4 e5 2. Nf3 Nc6 3. Bc4 d6 4. 0-0 Be7 5. c3 Nf6 6. Re1 0-0 7. d4 Bg4 8. Be2 Nxe4 9. Be3 Nf6 10. Nbd2 Nd7 11. d5 Ncb8 12. Qb3 Nb6 13. Rac1 f5 14. Bxb6 axb6 15. Bb5 Nd7 16. Bxd7 Qxd7 17. Nxe5 Qd8 18. f4 Bh4 19. Nef3 Bf6 20. Nd4 Bxd4+ 21. cxd4 Qf6 22. Rc4 Rfe8 23. Rxe8+ Rxe8 24. Kf2 Re2+ 25. Kg3 Qg6 0-1

[Event "Florianopolis op 5th"]
[Site "Florianopolis"]
[Date "2019.01.21"]
[Round "1"]
[White "Fonseca, Rogerio da Silva"]
[Black "Jorge, Denrick Cabral Jose"]
[Result "0-1"]
[WhiteElo "1241"]
[BlackElo "1903"]
[PlyCount "70"]
[EventDate "2019.01.21"]
[EventType "swiss"]
[EventRounds "10"]
[EventCountry "BRA"]
[SourceTitle "CBM 188 Extra"]
[Source "ChessBase"]
[SourceDate "2019.02.26"]
[SourceVersion "1"]
[SourceVersionDate "2019.02.26"]
[SourceQuality "1"]

1. e4 c5 2. Nf3 d6 3. Nc3 Nc6 4. d4 cxd4 5. Nxd4 g6 6. Bb5 Bd7 7. 0-0 Bg7 8. Nce2 Nf6 9. f3 0-0 10. c3 Nxd4 11. Bxd7 Nxe2+ 12. Qxe2 Nxd7 13. Be3 Rc8 14. Bxa7 b6 15. a4 Ra8 16. Qa6 Qc7 17. a5 Qxa7 18. Qxa7 Rxa7 19. axb6 Rxa1 20. Rxa1 Nxb6 21. Ra7 e6 22. Rb7 Nc4 23. b3 Na5 24. Rb6 Bxc3 25. Rxd6 Nxb3 26. Kf1 Be5 27. Rb6 Rb8 28. Rc6 Bxh2 29. g4 Nd4 30. Rc1 Rb2 31. Re1 Bg3 32. Re3 Rf2+ 33. Kg1 Ne2+ 34. Rxe2 Rxe2 35. f4 h5 0-1

[Event "Joao Pessoa Fischer Memorial 9th"]
[Site "Joao Pessoa"]
[Date "2018.03.17"]
[Round "4"]
[White "Fonseca, Rogerio da Silva"]
[Black "Cunha, Jose Manoel Vercosa"]
[Result "0-1"]
[WhiteElo "1289"]
[BlackElo "1536"]
[PlyCount "54"]
[EventDate "2018.03.16"]
[EventType "swiss"]
[EventRounds "6"]
[EventCountry "BRA"]
[SourceTitle "CBM 183 Extra"]
[Source "ChessBase"]
[SourceDate "2018.04.19"]
[SourceVersion "1"]
[SourceVersionDate "2018.04.19"]
[SourceQuality "1"]

1. e4 e5 2. Nf3 Nf6 3. Nxe5 d6 4. Nf3 Nxe4 5. Bc4 Be7 6. Nc3 Nxc3 7. bxc3 0-0 8. 0-0 Bg4 9. d4 Nd7 10. Qd3 Bxf3 11. Qxf3 c6 12. Bd3 Nf6 13. c4 d5 14. a3 Re8 15. Bg5 dxc4 16. Bxc4 Qxd4 17. Qb3 Rf8 18. Be3 Qd7 19. Rad1 Qc7 20. g3 b5 21. Be2 Rfd8 22. Bf4 Qa5 23. Ra1 Nd5 24. Be3 Qc3 25. Qa2 Nxe3 26. fxe3 Qxe3+ 27. Rf2 Bc5 0-1

[Event "Joao Pessoa Fischer Memorial 9th"]
[Site "Joao Pessoa"]
[Date "2018.03.16"]
[Round "2"]
[White "De Morais, Alemberg Beserra"]
[Black "Fonseca, Rogerio da Silva"]
[Result "1-0"]
[WhiteElo "1720"]
[BlackElo "1289"]
[PlyCount "49"]
[EventDate "2018.03.16"]
[EventType "swiss"]
[EventRounds "6"]
[EventCountry "BRA"]
[SourceTitle "CBM 183 Extra"]
[Source "ChessBase"]
[SourceDate "2018.04.19"]
[SourceVersion "1"]
[SourceVersionDate "2018.04.19"]
[SourceQuality "1"]

1. e4 e6 2. Nf3 d5 3. Nc3 Nf6 4. exd5 exd5 5. d4 c5 6. Bg5 Be7 7. Be2 Nc6 8. 0-0 Qb6 9. Na4 Qa5 10. Nxc5 Bxc5 11. dxc5 Nd7 12. Qxd5 Nxc5 13. c3 Be6 14. Qd2 Ne4 15. Qe3 Nxg5 16. Nxg5 0-0 17. Bd3 Rfe8 18. Rfe1 Bd7 19. Qf4 Rxe1+ 20. Rxe1 f6 21. Qc4+ Kh8 22. Nf7+ Kg8 23. Nh6+ Kh8 24. Qg8+ Rxg8 25. Nf7# 1-0

[Event "Rio Branco Acre op"]
[Site "Rio Branco"]
[Date "2017.12.07"]
[Round "1"]
[White "Fonseca, Rogerio da Silva"]
[Black "Molina, Roberto Junio Brito"]
[Result "0-1"]
[WhiteElo "1299"]
[BlackElo "2453"]
[PlyCount "28"]
[EventDate "2017.12.07"]
[EventType "swiss"]
[EventRounds "7"]
[EventCountry "BRA"]
[SourceTitle "CBM 182 Extra"]
[Source "ChessBase"]
[SourceDate "2018.02.23"]
[SourceVersion "1"]
[SourceVersionDate "2018.02.23"]
[SourceQuality "1"]

1. e4 c5 2. Nf3 e6 3. d4 cxd4 4. Nxd4 Nc6 5. Nc3 Qc7 6. Bc4 Bb4 7. Qg4 Nxd4 8. Bb3 Bxc3+ 9. Kd1 Nxb3 10. axb3 Bf6 11. f4 h5 12. Qe2 d6 13. c3 e5 14. g3 Bg4 0-1

[Event "BRA-ch Amateur U1600"]
[Site "Sao Paulo"]
[Date "2017.10.12"]
[Round "2"]
[White "Fonseca, Rogerio da Silva"]
[Black "Nunes, Marcela Andreia Dia"]
[Result "0-1"]
[WhiteElo "1296"]
[BlackElo "1554"]
[PlyCount "116"]
[EventDate "2017.10.12"]
[EventType "swiss"]
[EventRounds "7"]
[EventCountry "BRA"]
[SourceTitle "EXT 2022"]
[Source "ChessBase"]
[SourceDate "2021.10.06"]
[SourceVersion "1"]
[SourceVersionDate "2021.10.06"]
[SourceQuality "1"]

1. e4 c5 2. Nf3 g6 3. d4 cxd4 4. Nxd4 Bg7 5. Be3 Nc6 6. Nc3 d6 7. f3 Nf6 8. Qd2 Qa5 9. a3 Nxd4 10. Bxd4 a6 11. Bd3 0-0 12. 0-0 Be6 13. b4 Qc7 14. Na4 b5 15. Nb2 Nd7 16. Bxg7 Kxg7 17. Rac1 Nb6 18. f4 Rac8 19. f5 Bc4 20. f6+ exf6 21. Qc3 Qe7 22. Rf3 d5 23. Re1 Rfe8 24. Qd4 Nd7 25. Ree3 Qe5 26. Qa7 Rc7 27. Qxa6 Qxb2 28. Qd6 Qe5 29. Qxe5 Rxe5 30. exd5 Rxd5 31. Be4 Rd1+ 32. Kf2 Rf1+ 33. Kg3 Rxf3+ 34. Rxf3 Ne5 35. Rf2 Ra7 36. a4 Rxa4 37. c3 Ra3 38. Rc2 Bd3 39. Bxd3 Nxd3 40. Kg4 h5+ 41. Kh4 Kh6 42. g4 g5+ 43. Kg3 Nxb4 44. Rc1 Na2 45. Kf3 Rxc3+ 46. Rxc3 Nxc3 47. Ke3 hxg4 48. Kd2 Ne4+ 49. Kd3 f5 50. Kc2 g3 51. hxg3 Nxg3 52. Kc3 f4 53. Kb4 f3 54. Kxb5 f2 55. Kc4 f1Q+ 56. Kd5 Qf4 57. Kc6 Qe5 58. Kd7 Qe6+ 0-1